00343nam a22001217a 4500008004100000020001500041050002500056100001700081245005300098260003500151300001400186650002100200211129b |||||||| |||| 00| 0 eng d a3639514810 aHB615b.B85 2013 c.1 aBwisa, Henry aTeaching Entrepreneurship in AfricacHenry Bwisa aGermanybScholars' Pressc2013 aiii, 45p. aEntrepreneurship